00515nam a2200229Ia 450000500170000000800460001702000180006303700100008104000080009104000080009904000080010704100080011504100080012308400080013110000190013924500290015826000230018726000090021036500050021936500080022485600530023220260324123821.0008 260324s9999 xx 000 0 eng d a9780203816417 aEBOOK aCRL beng cCRL 2eng aeng qCRL aPaul Oslington 0aAdam Smith as Theologian bTaylor and Francis c2011 a b240 uhttp://www.taylorfrancis.com/books/9780203816417